| 000 | 00379nam a2200157Ia 4500 | ||
|---|---|---|---|
| 100 | _aGottfried /Byron S. | ||
| 250 | _a3 | ||
| 942 | _cBK | ||
| 654 | _aBasics Programming | ||
| 245 | _aschaums outline of theory and problem of programming with Basics | ||
| 260 |
_bMc Graw Hill _aNew york _c1986 |
||
| 082 |
_a5.13 _bGOT |
||
| 300 | _a386 | ||
| 546 | _aENGLISH | ||
| 999 |
_c25499 _d25499 |
||